| 000 | 00399nam a22001457a 4500 | ||
|---|---|---|---|
| 005 | 20180529121137.0 | ||
| 008 | 180529b xxu||||| |||| 00| 0 eng d | ||
| 020 | _a81-7520-144-4 | ||
| 041 | _aeng | ||
| 100 |
_aSINGH, YOUD VIR _94312 |
||
| 245 | _aBIBLIOGRAPHY OF DOCTORAL DOSSERTATIONS HUMANTIES 2016 | ||
| 260 |
_aNEW DELHI _bASSOCIATION OF INDIAN UNIVERSITY _c2017 |
||
| 300 | _a89P, | ||
| 942 | _cBK | ||
| 999 |
_c5696 _d5694 |
||